[Event "European Blitz 2022"]
[Site "Katowice POL"]
[Date "2022.12.16"]
[Round "2.18"]
[White "Kot, Jerzy"]
[Black "Saraci, Nderim"]
[Result "0-1"]
[WhiteTitle "FM"]
[BlackTitle "IM"]
[WhiteElo "1846"]
[BlackElo "2468"]
[WhiteFideId "1101595"]
[BlackFideId "6351921"]
[EventDate "2022.12.16"]

1. e4 e5 2. Nf3 Nc6 3. d4 exd4 4. c3 Nf6 5. e5 Nd5 6. cxd4 Bb4+ 7. Bd2 Bxd2+ 8.
Nbxd2 d6 9. Nc4 O-O 10. exd6 Re8+ 11. Be2 Nf4 12. dxc7 Qxc7 13. Ne3 Bg4 14. O-O
Nxe2+ 15. Qxe2 Nxd4 16. Qc4 Qxc4 17. Nxc4 Nxf3+ 18. gxf3 Bxf3 19. Rfe1 f6 20.
Re3 Rxe3 21. fxe3 Rd8 22. Kf2 Be4 23. Re1 Kf7 24. b3 Ke6 25. Re2 Rd5 26. Rb2
Rf5+ 27. Ke2 Rh5 28. Ke1 Rh3 29. a4 Bd5 30. Re2 b6 31. Nd2 Bb7 32. Kd1 Ba6 33.
Nc4 Bxc4 34. bxc4 Rf3 35. Kd2 Rf1 36. Kc3 g5 37. Rb2 Rc1+ 38. Kb4 Kd6 39. a5 Kc6
40. axb6 Kxb6 41. Rf2 a5+ 42. Kb3 Rb1+ 43. Kc3 a4 44. Rxf6+ Ka7 45. Rf5 Ka6 46.
Rxg5 a3 47. Rg2 Ka5 48. e4 Ka4 49. Re2 Rb3+ 50. Kd4 Rb2 51. Re1 a2 52. Ra1 Kb3
53. c5 Rd2+ 54. Ke5 Rxh2 55. c6 h5 56. Rc1 Rc2 57. Rxc2 Kxc2 58. c7 a1=Q+ 59.
Ke6 Qa8 60. Kd7 Qa4+ 61. Kd8 Qd4+ 62. Kc8 Qxe4 63. Kb8 Qb4+ 64. Ka8 Qc5 65. Kb8
Qb6+ 66. Ka8 Qa5+ 67. Kb8 Qxc7+ 0-1

[Event "European Blitz 2022"]
[Site "Katowice POL"]
[Date "2022.12.16"]
[Round "2.19"]
[White "Livaic, Leon"]
[Black "Kovalchuk, Victor"]
[Result "1-0"]
[WhiteTitle "GM"]
[WhiteElo "2572"]
[BlackElo "1602"]
[WhiteFideId "14531534"]
[BlackFideId "14191334"]
[EventDate "2022.12.16"]

1. d4 d5 2. c4 dxc4 3. e3 Nf6 4. Bxc4 e6 5. Nf3 c5 6. O-O a6 7. b3 b5 8. Be2 Bb7
9. a4 b4 10. Bb2 Nbd7 11. Nbd2 Bd6 12. Rc1 Qb8 13. Nc4 Be7 14. Nfe5 Nxe5 15.
dxe5 Nd5 16. Nd6+ Bxd6 17. exd6 Qa7 18. Qd2 Rd8 19. e4 Nf6 20. Qg5 Rf8 21. e5
Nd5 22. Rfd1 Bc6 23. Qxg7 Kd7 24. Bf3 Qb7 25. Rxc5 Rc8 26. Rdc1 h5 27. Rxc6 Rxc6
28. Rxc6 Qxc6 29. Qxf8 Qc2 30. Qxf7+ Kc6 31. Qc7# 1-0

[Event "European Blitz 2022"]
[Site "Katowice POL"]
[Date "2022.12.16"]
[Round "2.20"]
[White "Pelka, Michal"]
[Black "Dvirnyy, Danyyil"]
[Result "0-1"]
[BlackTitle "GM"]
[WhiteElo "1911"]
[BlackElo "2530"]
[WhiteFideId "1198246"]
[BlackFideId "817570"]
[EventDate "2022.12.16"]

1. e4 c5 2. b4 cxb4 3. a3 b3 4. cxb3 d5 5. e5 Nc6 6. d4 Bf5 7. Ne2 e6 8. Ng3 Bg6
9. h4 h5 10. Be2 Bxb1 11. Rxb1 g6 12. b4 Nge7 13. Bg5 Qd7 14. Bf6 Rg8 15. Qd2 a6
16. a4 Nc8 17. b5 axb5 18. axb5 Na5 19. O-O Be7 20. Qf4 Bxf6 21. exf6 Qd6 22.
Qe3 Nb6 23. Bd3 Nac4 24. Qe2 Kd7 25. Rfc1 Rgc8 26. Nf1 Qf4 27. Ne3 Nxe3 28. Qxe3
Qxe3 29. fxe3 Rxc1+ 30. Rxc1 Ra3 31. Rd1 Nc8 32. e4 dxe4 33. Bxe4 Nd6 34. Bf3
Rb3 35. d5 e5 36. Re1 Ne8 37. Rxe5 Nxf6 38. Be2 Ne8 39. Bc4 Rb1+ 40. Kh2 Nd6 41.
Bd3 Rb4 42. Re3 Rxh4+ 43. Kg1 Rd4 0-1

[Event "European Blitz 2022"]
[Site "Katowice POL"]
[Date "2022.12.16"]
[Round "2.21"]
[White "Tazbir, Marcin"]
[Black "Soliwoda, Zygmunt"]
[Result "1-0"]
[WhiteTitle "GM"]
[WhiteElo "2508"]
[BlackElo "1720"]
[WhiteFideId "1122452"]
[BlackFideId "21812527"]
[EventDate "2022.12.16"]

1. c4 Nf6 2. g3 e6 3. Bg2 d5 4. Nf3 c5 5. O-O Nc6 6. cxd5 exd5 7. d4 cxd4 8.
Nxd4 Bc5 9. Nb3 Bb6 10. Nc3 Be6 11. Na4 O-O 12. Bg5 h6 13. Nxb6 axb6 14. Be3 Ng4
15. Bd4 Nf6 16. a3 Ra4 17. e3 Bg4 18. Qd3 g6 19. Qb5 Ra6 20. Rac1 Nxd4 21. Nxd4
Ra5 22. Qb4 Bd7 23. Rfd1 Ba4 24. Re1 Re8 25. b3 Bd7 26. a4 Ne4 27. Bxe4 Rxe4 28.
Qd6 Qe7 29. Qxe7 Rxe7 30. Rc7 Rc5 31. Rxb7 Kg7 32. h4 Rc3 33. Re2 Rd3 34. Rc2
Kf6 35. Rcc7 Rd1+ 36. Kg2 1-0

[Event "European Blitz 2022"]
[Site "Katowice POL"]
[Date "2022.12.16"]
[Round "2.22"]
[White "Przerwa, Sebastian"]
[Black "Fridman, Daniel"]
[Result "0-1"]
[BlackTitle "GM"]
[WhiteElo "1756"]
[BlackElo "2602"]
[WhiteFideId "1164538"]
[BlackFideId "11600454"]
[EventDate "2022.12.16"]

1. e4 c6 2. d4 d5 3. exd5 cxd5 4. c4 Nf6 5. Nc3 Nc6 6. Bg5 Ne4 7. Bf4 Qa5 8. Rc1
e6 9. a3 Nxc3 10. Rxc3 Bxa3 11. Qd2 Bb4 12. Nf3 O-O 13. c5 f6 14. Bd6 Re8 15.
Bd3 e5 16. Bc2 exd4+ 0-1

[Event "European Blitz 2022"]
[Site "Katowice POL"]
[Date "2022.12.16"]
[Round "2.23"]
[White "Dragnev, Valentin"]
[Black "Stadlinger, Matthias"]
[Result "1-0"]
[WhiteTitle "GM"]
[WhiteElo "2556"]
[BlackElo "1948"]
[WhiteFideId "1634852"]
[BlackFideId "1656872"]
[EventDate "2022.12.16"]

1. c4 e6 2. Nc3 f5 3. g3 Nf6 4. Bg2 c6 5. d4 d5 6. Nh3 Be7 7. O-O O-O 8. Qc2
Nbd7 9. Nf4 Nb8 10. Nd3 Qe8 11. Bf4 h6 12. Rad1 g5 13. Bxb8 Rxb8 14. Ne5 Qh5 15.
f3 Bd6 16. e4 fxe4 17. fxe4 Bxe5 18. dxe5 Ng4 19. Rxf8+ Kxf8 20. Bf3 Qh3 21.
Bxg4 Qxg4 22. Qf2+ Ke7 23. Qxa7 Qf3 24. Rf1 1-0

[Event "European Blitz 2022"]
[Site "Katowice POL"]
[Date "2022.12.16"]
[Round "2.24"]
[White "Moscicka, Pola"]
[Black "Kazakouski, Valery"]
[Result "0-1"]
[BlackTitle "GM"]
[WhiteElo "1956"]
[BlackElo "2539"]
[WhiteFideId "1184032"]
[BlackFideId "13507443"]
[EventDate "2022.12.16"]

1. d4 Nf6 2. c4 e6 3. g3 d5 4. Bg2 dxc4 5. Nf3 c6 6. a4 Bb4+ 7. Bd2 a5 8. Qc2
Bxd2+ 9. Nbxd2 b5 10. axb5 cxb5 11. b3 cxb3 12. Nxb3 O-O 13. O-O Bb7 14. Rfd1
Be4 15. Qc5 Nbd7 16. Qc3 b4 17. Qb2 Qb6 18. Rac1 Rfc8 19. Nfd2 Bxg2 20. Kxg2 a4
21. Nc5 Nxc5 22. dxc5 Rxc5 23. Rxc5 Qxc5 24. Rc1 Qd5+ 25. Kg1 b3 26. Nc4 Rc8 27.
Ne3 Rxc1+ 28. Qxc1 Qd7 29. Qc4 h5 30. Qb4 Qa7 31. Nd1 a3 32. Qxb3 a2 0-1

[Event "European Blitz 2022"]
[Site "Katowice POL"]
[Date "2022.12.16"]
[Round "2.25"]
[White "Klekowski, Maciej"]
[Black "Myrmus, Mateusz"]
[Result "1-0"]
[WhiteTitle "GM"]
[WhiteElo "2477"]
[BlackElo "2012"]
[WhiteFideId "1132717"]
[BlackFideId "21825335"]
[EventDate "2022.12.16"]

1. c4 Nf6 2. Nc3 d5 3. cxd5 Nxd5 4. g3 g6 5. Bg2 Nb6 6. a4 c6 7. a5 N6d7 8. d4
Bg7 9. e4 O-O 10. Nge2 Na6 11. O-O e5 12. d5 Nb4 13. Be3 Re8 14. Qa4 Bf8 15.
Rfd1 Qc7 16. Rac1 c5 17. Nb5 Qd8 18. d6 Rb8 19. Nc7 b5 20. axb6 axb6 21. Nc3 Bb7
22. Nxe8 Qxe8 23. Bh3 Bc6 24. Qb3 Nf6 25. Bg5 Nd7 26. Ra1 Ra8 27. Rxa8 Qxa8 28.
Be7 Bh6 29. Nd5 Bg7 30. Bxd7 Bxd7 31. Nxb6 1-0

[Event "European Blitz 2022"]
[Site "Katowice POL"]
[Date "2022.12.16"]
[Round "2.26"]
[White "Wieckowski, Michal"]
[Black "Schneider, Ilja"]
[Result "0-1"]
[BlackTitle "IM"]
[WhiteElo "1684"]
[BlackElo "2483"]
[WhiteFideId "21853100"]
[BlackFideId "4663306"]
[EventDate "2022.12.16"]

1. e4 e5 2. Nf3 d6 3. d4 exd4 4. Qxd4 Nf6 5. Nc3 Be7 6. Bc4 Nc6 7. Qe3 Nb4 8.
Qe2 d5 9. exd5 Nbxd5 10. Nxd5 Nxd5 11. Bxd5 Qxd5 12. Bf4 Qa5+ 13. Bd2 Qc5 14.
O-O O-O 15. Rfe1 Bf6 16. c3 Bg4 17. Be3 Qh5 18. Rad1 h6 19. h3 Bxf3 20. Qxf3
Qxf3 21. gxf3 Rfd8 22. Kg2 a6 23. Bf4 c6 24. Bc7 Re8 25. Rxe8+ Rxe8 26. Rd7 Re2
27. Bd8 Rxb2 28. Bxf6 gxf6 29. a4 a5 30. Kg3 Kg7 31. Kg4 Rxf2 32. Rxb7 Ra2 33.
Rb6 Rxa4+ 34. f4 Rc4 35. Ra6 a4 36. h4 Kg6 37. h5+ Kg7 38. Ra5 Kf8 39. Ra7 Ke8
40. Ra6 Ke7 41. Ra7+ Ke6 42. Ra6 f5+ 43. Kg3 Rxc3+ 44. Kf2 a3 45. Ra8 Rc2+ 46.
Ke3 a2 47. Kd3 Rh2 48. Kc3 Kd5 49. Kd3 Rh3+ 50. Ke2 Rh1 0-1

[Event "European Blitz 2022"]
[Site "Katowice POL"]
[Date "2022.12.16"]
[Round "2.27"]
[White "Alonso Rosell, Alvar"]
[Black "Kazmierowski, Tymon"]
[Result "1-0"]
[WhiteTitle "GM"]
[WhiteElo "2561"]
[BlackElo "1900"]
[WhiteFideId "2270544"]
[BlackFideId "21863911"]
[EventDate "2022.12.16"]

1. d4 Nf6 2. c4 e6 3. Nf3 b6 4. g3 Bb7 5. Bg2 Be7 6. O-O O-O 7. Re1 d6 8. h4
Nbd7 9. d5 exd5 10. Nd4 Ne5 11. cxd5 Bxd5 12. Bxd5 Nxd5 13. f4 Bxh4 14. Nf5 Bxg3
15. Nxg3 Qh4 16. Kg2 Ng4 17. Qxd5 Qh2+ 18. Kf3 Qf2+ 19. Kxg4 Qxe1 20. Nc3 Kh8
21. Kf3 Rae8 22. Qd1 Qxd1 23. Nxd1 f5 24. Ne3 g6 25. Bd2 c6 26. Rc1 Rc8 27. Nc4
Rfd8 28. Bb4 c5 29. Bc3+ Kg8 30. Bf6 Rd7 31. Rd1 d5 32. Ne5 Rd6 33. Be7 Re6 34.
Nxf5 gxf5 35. Rg1+ Kh8 36. Nf7# 1-0

[Event "European Blitz 2022"]
[Site "Katowice POL"]
[Date "2022.12.16"]
[Round "2.28"]
[White "Trzebinski, Patryk"]
[Black "Bartel, Mateusz"]
[Result "0-1"]
[BlackTitle "GM"]
[WhiteElo "1792"]
[BlackElo "2627"]
[WhiteFideId "21839034"]
[BlackFideId "1112635"]
[EventDate "2022.12.16"]

1. e4 e6 2. d4 d5 3. exd5 exd5 4. Bd3 Bd6 5. Qf3 Nc6 6. c3 Nce7 7. Ne2 Nf6 8.
Bf4 O-O 9. h3 Ng6 10. Bg3 Ne4 11. Bxd6 Qxd6 12. Bxe4 dxe4 13. Qxe4 Bd7 14. O-O
Bb5 15. Na3 Bc6 16. Qd3 Rae8 17. Rae1 Qd5 18. f3 Qxa2 19. c4 Qxb2 20. d5 Bd7 21.
Nc2 Ne5 22. Qe4 f5 23. Qd4 Qxc2 24. Nc3 0-1

[Event "European Blitz 2022"]
[Site "Katowice POL"]
[Date "2022.12.16"]
[Round "2.29"]
[White "Vogel, Roven"]
[Black "Grzelak, Marcin"]
[Result "1-0"]
[WhiteTitle "IM"]
[WhiteElo "2463"]
[BlackElo "1786"]
[WhiteFideId "12908088"]
[BlackFideId "1133519"]
[EventDate "2022.12.16"]

1. c4 Nf6 2. Nc3 c5 3. Nf3 b6 4. g3 Bb7 5. Bg2 e6 6. O-O Be7 7. Re1 O-O 8. e4 d6
9. d4 cxd4 10. Nxd4 Nbd7 11. e5 dxe5 12. Nxe6 fxe6 13. Bxb7 Rb8 14. Bg2 a6 15.
Be3 h5 16. Bh3 Nc5 17. Qc2 Ng4 18. Bxg4 hxg4 19. Qg6 Qd3 20. Qxg4 Qf5 21. Qxf5
Rxf5 22. Rad1 e4 23. Bxc5 Bxc5 24. Nxe4 Bb4 25. Re2 Rc8 26. b3 a5 27. h4 a4 28.
bxa4 Rxc4 29. Ng5 Rc3 30. Rd8+ Rf8 31. Rxf8+ Kxf8 32. Nxe6+ Kf7 33. Ng5+ Kg6 34.
Re6+ Kf5 35. Rxb6 Bc5 36. Rb3 Rc2 37. Rf3+ Kg6 1-0

[Event "European Blitz 2022"]
[Site "Katowice POL"]
[Date "2022.12.16"]
[Round "2.31"]
[White "Azarov, Sergei"]
[Black "Vidmar, Klara"]
[Result "1-0"]
[WhiteTitle "GM"]
[WhiteElo "2562"]
[BlackElo "1812"]
[WhiteFideId "13501470"]
[BlackFideId "14624753"]
[EventDate "2022.12.16"]

1. e4 c5 2. Nf3 Nc6 3. d4 cxd4 4. Nxd4 e5 5. Nb5 d6 6. N1c3 a6 7. Na3 Be7 8. Nc4
b5 9. Ne3 Nf6 10. Bd3 O-O 11. O-O Be6 12. a4 b4 13. Ncd5 Bxd5 14. exd5 Nb8 15.
a5 Nbd7 16. Bd2 Nc5 17. Bxb4 Nxd3 18. Qxd3 Nd7 19. Nf5 Nc5 20. Bxc5 dxc5 21. d6
Bf6 22. Qd5 Qd7 23. Ne3 Rab8 24. Nc4 Rb5 25. Rad1 Rd8 26. b3 Qf5 27. Rd2 Bg5 28.
Rd3 Bf6 29. Re1 Qg5 30. h3 Qg6 31. d7 e4 32. Rxe4 1-0

[Event "European Blitz 2022"]
[Site "Katowice POL"]
[Date "2022.12.16"]
[Round "2.32"]
[White "Binkowska, Agata"]
[Black "Keinanen, Toivo"]
[Result "0-1"]
[BlackTitle "IM"]
[WhiteElo "1822"]
[BlackElo "2508"]
[WhiteFideId "1162500"]
[BlackFideId "509825"]
[EventDate "2022.12.16"]

1. e4 c5 2. Nf3 g6 3. d4 cxd4 4. Nxd4 Nc6 5. Nc3 Bg7 6. Be3 Nf6 7. f3 O-O 8. Qd2
d5 9. exd5 Nxd5 10. Nxd5 Qxd5 11. Nxc6 Qxc6 12. O-O-O Bf5 13. Bd3 Rfd8 14. Qe2
Qa4 15. Kb1 Be6 16. a3 Qa5 17. Bc4 Qe5 18. Bc1 Bxc4 19. Qxc4 Rac8 20. Qb3 b6 21.
g3 Qf5 22. Rhe1 e5 23. Rd3 Rxd3 24. Qxd3 Qxd3 25. cxd3 f5 26. Be3 Rd8 27. Kc2
Kf7 28. Kd2 e4 29. fxe4 fxe4 30. b4 Rxd3+ 31. Ke2 Rxa3 32. Rc1 Ra2+ 33. Ke1 Ra1 0-1

[Event "European Blitz 2022"]
[Site "Katowice POL"]
[Date "2022.12.16"]
[Round "2.33"]
[White "Pultinevicius, Paulius"]
[Black "Stepinski, Piotr"]
[Result "1-0"]
[WhiteTitle "GM"]
[WhiteElo "2561"]
[BlackElo "1707"]
[WhiteFideId "12809390"]
[BlackFideId "21025045"]
[EventDate "2022.12.16"]

1. d4 Nf6 2. Bf4 g6 3. Nc3 d5 4. Qd2 Bg7 5. Bh6 Bxh6 6. Qxh6 Bf5 7. O-O-O c5 8.
dxc5 Nc6 9. e3 Qd7 10. Nf3 O-O-O 11. Bb5 e6 12. Qh4 Ne4 13. Nxe4 Bxe4 14. Ne5
Qc7 15. Nxc6 bxc6 16. Ba6+ Kb8 17. f3 Qa5 18. fxe4 Qxa6 19. Kb1 Qb7 20. e5 Ka8
21. Rhf1 Rb8 22. b3 h5 23. Rf6 Rhf8 24. Rdf1 Qb5 25. Qd4 Qb7 26. Kb2 a5 27. Qa4
Qc7 28. Kb1 Rb4 29. Qa3 Re4 30. Rxe6 fxe6 31. Rxf8+ Ka7 32. Rf3 g5 33. Qc1 Rxe5
34. Qf1 Rf5 35. Rxf5 exf5 36. Qxf5 Qe7 37. Qd3 Qxc5 38. Qd4 Kb6 39. c3 Qxd4 40.
exd4 c5 41. a4 cxd4 42. cxd4 Kc6 43. Kc2 Kb6 44. Kc3 Kc6 45. b4 Kb6 46. Kb3 Ka6
47. bxa5 Kxa5 48. Ka3 Ka6 49. Kb4 Kb6 50. a5+ 1-0

[Event "European Blitz 2022"]
[Site "Katowice POL"]
[Date "2022.12.16"]
[Round "2.34"]
[White "Kusiak, Mateusz"]
[Black "Drozdowski, Kacper"]
[Result "0-1"]
[BlackTitle "IM"]
[WhiteElo "1918"]
[BlackElo "2448"]
[WhiteFideId "21824584"]
[BlackFideId "1136720"]
[EventDate "2022.12.16"]

1. Nf3 d5 2. c4 c6 3. g3 Nf6 4. Bg2 dxc4 5. Qc2 e6 6. Qxc4 b5 7. Qc2 Bb7 8. d4
Nbd7 9. O-O c5 10. Nc3 b4 11. Na4 Rc8 12. dxc5 Nxc5 13. Nxc5 Bxc5 14. Qd1 Qb6
15. Bg5 Ne4 16. e3 O-O 17. Bf4 Rfd8 18. Qb3 Bd5 19. Qa4 h6 20. Be5 a5 21. Bd4
Bxd4 22. Nxd4 Nc5 23. Qb5 Qxb5 24. Nxb5 Bc4 25. Nd4 Bxf1 26. Kxf1 Nd3 27. Nc6
Re8 28. Rd1 Nxb2 29. Rd7 Kf8 30. Ra7 Nc4 31. Ke2 Ra8 32. Rxa8 Rxa8 33. Ne5 Rc8
34. Nd7+ Ke7 35. Bb7 Rc7 0-1

[Event "European Blitz 2022"]
[Site "Katowice POL"]
[Date "2022.12.16"]
[Round "2.35"]
[White "Kosakowski, Jakub"]
[Black "Brzezina, Piotr"]
[Result "1-0"]
[WhiteTitle "IM"]
[WhiteElo "2475"]
[BlackElo "1868"]
[WhiteFideId "1185080"]
[BlackFideId "21078874"]
[EventDate "2022.12.16"]

1. e4 c5 2. Nf3 d6 3. Bb5+ Bd7 4. a4 Nc6 5. O-O Nf6 6. Re1 e6 7. c3 Be7 8. d4
cxd4 9. cxd4 a6 10. Bd3 O-O 11. Nc3 e5 12. d5 Nb4 13. Be2 a5 14. h3 Rc8 15. Be3
Na6 16. Rc1 Nc5 17. Nd2 Qc7 18. Nc4 Nfxe4 19. Nxe4 Nxe4 20. Nb6 Qd8 21. Nxc8
Bxc8 22. Qb3 f5 23. Bf1 f4 24. Bb6 Qe8 25. Rxe4 Qg6 26. Ree1 Bxh3 27. Qxh3 e4
28. Qe6+ 1-0

[Event "European Blitz 2022"]
[Site "Katowice POL"]
[Date "2022.12.16"]
[Round "2.36"]
[White "Peglau, Dora"]
[Black "Alexakis, Dimitris"]
[Result "0-1"]
[BlackTitle "IM"]
[WhiteElo "1869"]
[BlackElo "2486"]
[WhiteFideId "16220005"]
[BlackFideId "4277023"]
[EventDate "2022.12.16"]

1. d4 Nf6 2. c4 e6 3. Nc3 Bb4 4. e3 O-O 5. Bd3 d6 6. Ne2 e5 7. O-O c6 8. a3 Ba5
9. b4 Bc7 10. e4 Re8 11. d5 Nbd7 12. f3 Nh5 13. Be3 Nf8 14. Qd2 Ng6 15. c5 Nhf4
16. Nxf4 exf4 17. cxd6 Bxd6 18. Bf2 Ne5 19. Rac1 Bd7 20. Ne2 Qg5 21. Kh1 cxd5
22. exd5 Nxd3 23. Qxd3 a6 24. Bc5 Bb5 25. Qd2 Rxe2 26. Qxe2 Bxe2 27. Bxd6 Bxf1
28. Rxf1 Rd8 0-1

[Event "European Blitz 2022"]
[Site "Katowice POL"]
[Date "2022.12.16"]
[Round "2.37"]
[White "Kosteniuk, Alexandra"]
[Black "Grossmann, Ryszard"]
[Result "1-0"]
[WhiteTitle "GM"]
[BlackTitle "FM"]
[WhiteElo "2520"]
[BlackElo "1904"]
[WhiteFideId "4128125"]
[BlackFideId "1102214"]
[EventDate "2022.12.16"]

1. e4 c6 2. Nc3 d5 3. Nf3 Bg4 4. h3 Bxf3 5. Qxf3 e6 6. g3 Nd7 7. d4 a6 8. Bg2 g6
9. O-O Bg7 10. Be3 Ne7 11. h4 h5 12. Rfd1 Nf6 13. e5 Ng4 14. Bg5 b5 15. a4 b4
16. Ne2 a5 17. Qf4 Qd7 18. c3 Rb8 19. Nc1 bxc3 20. bxc3 Nf5 21. Nd3 O-O 22. Re1
Rb3 23. Nc5 1-0

[Event "European Blitz 2022"]
[Site "Katowice POL"]
[Date "2022.12.16"]
[Round "2.39"]
[White "Sebenik, Matej"]
[Black "Aksianevich, Yury"]
[Result "1-0"]
[WhiteTitle "GM"]
[WhiteElo "2538"]
[BlackElo "1831"]
[WhiteFideId "14602296"]
[BlackFideId "13508911"]
[EventDate "2022.12.16"]

1. d4 d5 2. Nf3 c6 3. c4 Nf6 4. Nc3 a6 5. e3 b5 6. b3 g6 7. Ne5 Bg7 8. Be2 O-O
9. O-O Nfd7 10. Nxd7 Qxd7 11. cxd5 cxd5 12. Nxd5 Bb7 13. Nf4 Qf5 14. Ba3 Nc6 15.
Bf3 Rfe8 16. Rc1 Rac8 17. Bg4 Ra8 1-0

[Event "European Blitz 2022"]
[Site "Katowice POL"]
[Date "2022.12.16"]
[Round "2.40"]
[White "Piotrowski, Daniel"]
[Black "Sahidi, Samir"]
[Result "0-1"]
[BlackTitle "IM"]
[WhiteElo "1763"]
[BlackElo "2494"]
[WhiteFideId "21815780"]
[BlackFideId "14936372"]
[EventDate "2022.12.16"]

1. e4 c6 2. d4 d5 3. Nc3 g6 4. Be3 Bg7 5. Qd2 dxe4 6. Nxe4 Nd7 7. O-O-O Ngf6 8.
Nxf6+ Nxf6 9. Bh6 Ne4 10. Qe3 Bxh6 11. Qxh6 Nxf2 12. Qe3 Nxh1 13. Bc4 Qd6 14.
Nf3 O-O 15. Rxh1 Bg4 16. Ng5 Rad8 17. c3 Kg7 18. h3 Bc8 19. Rf1 f6 20. Ne4 Qc7
21. g4 b6 22. g5 fxg5 23. Nxg5 Rxf1+ 24. Bxf1 Rf8 25. Bd3 Qf4 26. Kd2 Qxe3+ 27.
Kxe3 h6 28. Nf3 Bxh3 29. Ne5 Bf5 30. Be2 Rf6 31. Bf3 c5 32. Nc6 cxd4+ 33. cxd4
a5 34. Bd5 Be6 35. Nxe7 Bxd5 36. Nxd5 Rd6 37. Ke4 h5 38. Ne3 Kf6 39. d5 b5 40.
b3 Rd8 41. Kd4 h4 42. Ng4+ Kg5 43. Ne5 Rf8 44. d6 h3 45. d7 Kf6 46. Nf7 Kxf7 0-1

[Event "European Blitz 2022"]
[Site "Katowice POL"]
[Date "2022.12.16"]
[Round "2.41"]
[White "Blohberger, Felix"]
[Black "Widelski, Kacper"]
[Result "1-0"]
[WhiteTitle "GM"]
[WhiteElo "2490"]
[BlackElo "1867"]
[WhiteFideId "1632051"]
[BlackFideId "1159950"]
[EventDate "2022.12.16"]

1. Nf3 Nf6 2. g3 g6 3. Bg2 Bg7 4. O-O O-O 5. c4 d6 6. d4 c5 7. Nc3 Nc6 8. dxc5
dxc5 9. Bf4 Qa5 10. Qa4 Nh5 11. Qxa5 Nxa5 12. Rac1 Nxf4 13. gxf4 Nxc4 14. b3 Nd6
15. Nd5 e6 16. Nc7 Rb8 17. Ne5 Nf5 18. Rxc5 Rd8 19. e3 Bf8 20. Rc2 a6 21. Nxa6
bxa6 22. Nc6 Bb7 23. Nxb8 Bxg2 24. Kxg2 Rxb8 25. Rd1 Kg7 26. Rd7 Rb5 27. Rcc7
Nh6 28. Kf3 Ra5 29. a4 Rd5 30. Rxd5 exd5 31. a5 Nf5 32. Rc6 Bb4 33. Rxa6 d4 34.
Ra8 d3 35. a6 d2 36. Ke2 Nd6 37. Rd8 Nb5 38. Rd7 Nc3+ 39. Kxd2 Ne4+ 40. Ke2 Nc5
41. a7 Nxd7 42. a8=Q 1-0

[Event "European Blitz 2022"]
[Site "Katowice POL"]
[Date "2022.12.16"]
[Round "2.42"]
[White "Kleinert, Juergen"]
[Black "Stefansson, Hannes"]
[Result "0-1"]
[BlackTitle "GM"]
[WhiteElo "1855"]
[BlackElo "2526"]
[WhiteFideId "4659180"]
[BlackFideId "2300087"]
[EventDate "2022.12.16"]

1. e4 d5 2. exd5 Nf6 3. d4 Nxd5 4. c4 Nb6 5. Nc3 e5 6. d5 c6 7. Nf3 Bb4 8. Bg5
f6 9. Bd2 O-O 10. Qb3 Bxc3 11. Bxc3 cxd5 12. cxd5 Qxd5 13. Qxd5+ Nxd5 14. Bc4
Be6 15. O-O-O Rd8 16. Rd2 Nc6 17. Rhd1 Nf4 18. Rxd8+ Rxd8 19. Bxe6+ Nxe6 20.
Rxd8+ Ncxd8 21. Nd2 Kf7 22. Ne4 Nf4 23. g3 Nd5 24. Ba5 b6 25. Bd2 Ke6 26. Kc2
Nc6 27. Be3 h6 28. Nd2 f5 29. Nb3 Ncb4+ 30. Kb1 Nxe3 31. fxe3 Nd5 32. e4 fxe4
33. Kc2 Ne3+ 0-1

[Event "European Blitz 2022"]
[Site "Katowice POL"]
[Date "2022.12.16"]
[Round "2.43"]
[White "Hjartarson, Johann"]
[Black "Hartlinski, Tomasz"]
[Result "1/2-1/2"]
[WhiteTitle "GM"]
[WhiteElo "2476"]
[BlackElo "1480"]
[WhiteFideId "2300044"]
[BlackFideId "21039658"]
[EventDate "2022.12.16"]

1. c4 Nf6 2. Nf3 g6 3. g3 Bg7 4. Bg2 O-O 5. Nc3 c6 6. d4 d5 7. b3 Bf5 8. O-O Ne4
9. Bb2 Na6 10. Nh4 Nxc3 11. Bxc3 Be6 12. Qd3 Nc7 13. Rac1 a5 14. e4 a4 15. Rfd1
axb3 16. axb3 Qd7 17. exd5 cxd5 18. c5 Qb5 19. Bf1 Qxd3 20. Bxd3 Ra3 21. Rb1 Bf6
22. Nf3 Bg4 23. Kg2 Ne6 24. Be2 Ra2 25. Rb2 Rfa8 26. h3 Rxb2 27. Bxb2 Ra2 28.
Rd2 Bxf3+ 29. Bxf3 Nxd4 30. Bxd5 Nxb3 31. Bxb3 Rxb2 1/2-1/2

[Event "European Blitz 2022"]
[Site "Katowice POL"]
[Date "2022.12.16"]
[Round "2.44"]
[White "Spicak, Krzysztof"]
[Black "Seo, Jung Min"]
[Result "0-1"]
[BlackTitle "IM"]
[WhiteElo "1860"]
[BlackElo "2502"]
[WhiteFideId "1106546"]
[BlackFideId "1734687"]
[EventDate "2022.12.16"]

1. e4 c6 2. d4 d5 3. e5 Bf5 4. g4 Bd7 5. f4 e6 6. Nf3 c5 7. c3 Qb6 8. Qb3 Qc7 9.
Be3 h5 10. g5 Ne7 11. Nh4 g6 12. Na3 c4 13. Qd1 Nc8 14. Nc2 b5 15. a3 a5 16. Be2
Nc6 17. O-O Nb6 18. f5 exf5 19. Bf3 Be6 20. Ng2 h4 21. Qe1 h3 22. Nf4 Be7 23.
Qg3 Qd7 24. Nxh3 Na4 25. Rab1 b4 26. axb4 axb4 27. Nf4 bxc3 28. bxc3 Nxc3 29.
Rb6 Bd8 30. Rb2 Ne4 31. Bxe4 fxe4 32. h4 Ne7 33. Nxe6 Qxe6 34. Rf6 Qd7 35. e6
fxe6 36. Qe5 Rxh4 37. Rxe6 Qc7 38. Bf2 Rg4+ 39. Kf1 Qxe5 40. Rxe5 Rf4 41. Ne3
Ra5 42. Ke2 Bc7 0-1

[Event "European Blitz 2022"]
[Site "Katowice POL"]
[Date "2022.12.16"]
[Round "2.45"]
[White "Szpar, Milosz"]
[Black "Adamski, Adam"]
[Result "1-0"]
[WhiteTitle "IM"]
[WhiteElo "2428"]
[BlackElo "1894"]
[WhiteFideId "1184989"]
[BlackFideId "1186370"]
[EventDate "2022.12.16"]

1. e4 c6 2. d4 d5 3. e5 c5 4. dxc5 e6 5. a3 Bxc5 6. Nf3 Ne7 7. Bd3 Nd7 8. O-O
Ng6 9. Re1 Qc7 10. Qe2 Be7 11. h4 Nc5 12. h5 Nxd3 13. cxd3 Nf8 14. h6 gxh6 15.
Nc3 a6 16. Bxh6 Ng6 17. Rac1 Qd8 18. Na4 b5 19. Nc5 Bxc5 20. Rxc5 Nh4 21. Bg7
Nxf3+ 22. Qxf3 Rg8 23. Bf6 Qa5 24. Rec1 Bd7 25. Bh4 Rg6 26. R1c3 b4 27. Rxa5 1-0